000 00173nam a22000977a 4500
003 SGT
082 _bBAN
100 _aBANSAL,R.K
245 _aSPOKEN ENGLISH
942 _2ddc
_cCD
999 _c24452
_d24452